000 00381nam a2200133Ia 4500
008 240624s9999 xx 000 0 und d
041 _aeng
082 _a658.4092 KAP
100 _aKAPLAN ROBERT STEVEN
245 _aWHAT TO ASK THE PERSON IN THE MIRROR CRI
260 _c2011
_aNew Delhi
_bHarvard Business Review Press
300 _aviii, : 264 : p. : cm. ; 21
365 _cRS
_b38
999 _c28413
_d28413